00552nam a2200205 a 4500001001300000003000900013005001700022008004100039020001000080082001500090100001700105245003400122260005700156300000800213500003500221505002900256650001700285650002700302700001700329nice12345678IN_TiNIC20260116013032.0050524s1993 bana grp 000 0 eng  ac10000a261.1bABR aAbraham, K C aCry for Lifeb Faith Response aBangalorebStudent Christian Movement of Indiac1993 a59p aincludes index and biblioraphy2 aGlossary, Biblio., Index aChurch-India aChurch-Social Services1 aAbraham, K C